000 00618nam a2200205Ia 4500
005 20250508165013.0
008 008 250505s9999 xx 000 0 eng d
020 _a0-7619-6935-7
037 _aDissertations
040 _aFEDL
_beng
_cFEDL
041 _aeng
_2eng
084 _a376, MAR/DI
_qFEDL
100 _aMarak Preityna M
_9779673
245 0 _aUnderstanding the experiences of Garo women in the matrilineal society: Role of education
260 _c2010
300 _a280p.
546 _aM. Phil Dissertation (Delhi University)
942 _cDIS
_h376, MAR/DI
999 _c1392590
_d1392590